Ciencia ambiental y desarrollo sostenible
שמור ב:
| מחבר ראשי: | |
|---|---|
| מחברים אחרים: | , , |
| פורמט: | ספר |
| שפה: | ספרדית |
| יצא לאור: |
Ciudad de México, México
International Thomson
1997
|
| נושאים: | |
| תגים: |
הוספת תג
אין תגיות, היה/י הראשונ/ה לתייג את הרשומה!
|
MARC
| LEADER | 00000nam a2200000 a 4500 | ||
|---|---|---|---|
| 001 | UCN1792 | ||
| 003 | CL-VaPUC | ||
| 005 | 20241018150437.0 | ||
| 008 | 010504e19970000MX |||||||||||||||||spa|d | ||
| 999 | |c 295017 |d 295015 | ||
| 040 | |c Pontificia Universidad Católica de Valparaíso | ||
| 082 | 0 | 4 | |a 333.715 ENK 1997 |2 21 |
| 100 | 0 | |a Enkerlin Hoeflich, Ernesto C |9 457129 | |
| 245 | 1 | 0 | |a Ciencia ambiental y desarrollo sostenible |
| 260 | 0 | 3 | |a Ciudad de México, México |b International Thomson |c 1997 |
| 300 | |a 690 páginas | ||
| 583 | |a last modification |c 20160907 03:51:49 |k Rodrigo Vera | ||
| 650 | 0 | |a Conservación del medio ambiente |9 340695 | |
| 650 | 0 | |a Desarrollo sustentable |9 333905 | |
| 650 | 0 | |a Demografía |9 260008 | |
| 650 | 0 | |a Ecosistemas |9 261477 | |
| 650 | 0 | |a Contaminación ambiental |9 314181 | |
| 700 | 0 | |a Cano Cano, Gerónimo |9 457130 | |
| 700 | 0 | |a Garza Cuevas, Raúl Antonio |9 457131 | |
| 700 | 0 | |a Vogel Martínez, Enrique |9 457132 | |
| 942 | |c BK |2 ddc | ||
| 945 | |d 20010504 00:00:00 |a cmena | ||
| 952 | |0 0 |1 0 |2 ddc |4 0 |6 333_715000000000000_ENK_1997 |7 0 |8 A |9 347856 |a BIBING |b BIBING |d 2019-11-20 |i 3666166 |o 333.715 ENK 1997 |p 3666166 |r 2025-01-20 |t 2 |w 2019-11-20 |y BK |k CCL | ||
| 952 | |0 0 |1 0 |2 ddc |4 0 |6 333_715000000000000_ENK_1997 |7 0 |8 A |9 347857 |a BIBING |b BIBING |d 2019-11-20 |i 3659518 |o 333.715 ENK 1997 |p 3659518 |r 2025-01-20 |t 3 |w 2019-11-20 |y BK |k CCL | ||
| 952 | |0 0 |1 0 |2 ddc |4 0 |6 333_715000000000000_ENK_1997 |7 0 |8 A |9 347858 |a BIBING |b BIBING |d 2019-11-20 |i 3843971 |o 333.715 ENK 1997 |p 3843971 |r 2025-01-20 |t 4 |w 2019-11-20 |y BK |k GEO | ||